000 00687nam a2200193Ia 4500
003 GCL
008 140319s9999 xx 000 0 ara d
040 _aGCL /
_cGCL
082 0 4 _a665.5
_bا هـ
100 1 _aاسلام محمود ابراهيم
245 1 0 _aهندسة البترول /
_cاسلام محمود ابراهيم
260 _aالاردن :
_bمكتبة المجتمع العربى للنشر والتوزيع ،
_c2004
300 _a337 ص ؛
_c24 سم
650 0 4 _aهندسة التعدين
650 0 4 _aالبترول - صناعات
650 0 4 _aالبترول - التنقيب عن - مصر
650 0 4 _aالبترول - استخراج
942 _2ddc
_cBK
999 _c36305
_d36305